01230nmc a2200421 a 4500003000900000005001700009008004100026040001300067100002100080245003500101260003100136300001100167490007300178500003500251500002200286600001800308600002900326650002000355650001800375650002100393650002300414650002400437650002200461650001500483650002200498650001100520653001500531653001400546653001700560653002000577655001500597700003100612700003500643800003400678800003200712800003200744800003200776AR-BaBNM20251128204449.0316019s1973 ||||||||||||||000 | spa|| cAR-BaBNM1 aLo Gatto, Ettore10aLa literatura ruso-soviética aBuenos AiresbLosadac19730 a508 p. 0aLas literaturas del mundo. Enciclopedia universal de las literaturas0 aContiene: Nota bibliográfica0 aIndice de nombres14aGorki, Maximo14aTrotsky, Leond1879-1940 4aLITERATURA RUSA 4aHISTORIA RUSA 4aHISTORIA EUROPEA 4aHISTORIA LITERARIA 4aCULTURAS LITERARIAS 4aMOVIMIENTO OBRERO 4aSOCIALISMO 4aCRITICA LITERARIA 4aTEATRO 0aSIMBOLISMO 0aFUTURISMO 0aNEORREALISMO 0aREVOLUCION RUSA aLITERATURA1 aFrattoni, Oresteedirector1 aBaldessari, Silvioeilustrador1 aBacchelli, Riccardoedirector1 aMacchia, Giovanniedirector1 aViscardi, Antonioedirector1 aDabini, Attilioerevisión